000 00714cab a2200205 4500
001 WB2507-36
008 090401t1989 xxu||||| |||| 00| 0 eng d
035 _a(Sirsi) u58667
041 _aeng
245 _aBusiness rates to be phased in
260 _c1989
350 _a0
490 _aFinancial Times
_v16/2/89 p1, p8 Hansard 15 February 1989 Cols 315-3
520 _aThe Government has announced arrangements for the phasing in of the uniform business rate from April 1990, with special provisions for small businesses . Includes parliamentary statement by SOS for the Environment.
650 _aRATES
650 _aREVALUATION
690 _aRATING AND VALUATION
942 _n0
948 _c04/03/1997
999 _c35863
_d35863